Grammar practical for intermediate students with answer key: song ngữ

Guardat en:
Dades bibliogràfiques
Autor principal: E Walker
Format: Llibre
Idioma:Undetermined
Publicat: Tp. HCM Trẻ 1995
Matèries:
Etiquetes: Afegir etiqueta
Sense etiquetes, Sigues el primer a etiquetar aquest registre!
Thư viện lưu trữ: Trung tâm Học liệu Trường Đại học Cần Thơ
LEADER 00603nam a2200181Ia 4500
001 CTU_5025
008 210402s9999 xx 000 0 und d
082 |a 425.076 
082 |b W178g 
100 |a E Walker 
245 0 |a Grammar practical for intermediate students with answer key: song ngữ 
245 0 |c E Walker, S Elsworth; Dịch giả: Trần Huỳnh Phúc 
260 |a Tp. HCM 
260 |b Trẻ 
260 |c 1995 
650 |a english language - grammar - problems, exercises 
904 |i Nguyễn Quang Điền, 960706 
980 |a Trung tâm Học liệu Trường Đại học Cần Thơ